=LDR 00000nam 2200000 4500 =001 INLIS000000000023999 =005 20200814091106 =035 ##$$a 0010-061300000023999 =008 200814################g##########0#ind## =041 ##$$a Ind =082 ##$$a 2X9.8 =090 ##$$a 2X9.8, Kha p =100 1#$$a Khalid, Khalid Much =245 1#$$a Pahlawan pasukan jalan kaki, Khalid Much.Khalid /$c Khalid Much.Khalid =260 ##$$a Bandung :$b cv. Diponegoro,$c 1994 =300 ##$$a 87 hlm, ; $c 11 x 18 cm =650 #4$$a Tokoh - tokoh islam =850 ##$$a NBPNMAT =084 ##$$a 2X9.8 KHA p =250 ##$$a cet.1 =990 ##$$a 00044445 =990 ##$$a 00044446 =990 ##$$a 00044447